01741nam a22001937a 4500003001000000005001700010008004100027040001400068041000700082100005300089245012900142260002900271300001200300500013000312520082200442650002801264654001101292700024401303IT-MiCISF20241108103300.0170530b xxu||||| |||| 00| 0 eng d cIT-MiCISF ait aLuberti Roberta, Grappolini Caterina (a cura di) aViolenza assistita, separazioni traumatiche, maltrattamenti multipli.bPercorsi di protezione e di cura con bambini e adulti aTrento,bErickson,c2017 app. 378 aabuso-di-minore, violenza-in-famiglia, abuso-sessuale, adolescenza, terapia, nuovi-media, tecniche-terapeutiche, case-studies aSeparazioni conflittuali, violenza domestica assistita, perdite familiari sono eventi complessi e difficilmente elaborabili senza il supporto di un intervento psicoterapeutico mirato. Il libro affronta questo genere di fenomeni partendo proprio dalla loro definizione concettuale, per poi disegnare una «mappa» della diffusione della cultura sulla cura del trauma in Italia, con un’attenzione specifica alla presa in carico delle vittime, sia adulti che minori. Vengono inoltre presentati percorsi riparativi, focalizzati prevalentemente sulla sintomatologia e gli effetti post-traumatici, a breve e a lungo termine, e alla prevenzione del ciclo intergenerazionale della violenza, illustrando le possibili terapie, soffermandosi nel dettaglio sull’approccio EMDR (Eye Movement Desensitization and Reprocessing). amaltrattamenti-violenza asaggio a Agosti S., Apollonio M.G., Crisma M., Fernandez I., Ghezzi D.,aGiolito M.R., Giordano M., Giovanelli C., Giovanozzi G., Giuliani C., aGrappolini C., Luberti R., Malacrea M., Patti M.S., Rangone G., Seassaro U., aSoavi G., Zaccagnini E.